| 000 | 01243cam a2200133 4500500 | ||
|---|---|---|---|
| 005 | 20251214001516.0 | ||
| 041 | _afre | ||
| 042 | _adc | ||
| 100 | 1 | 0 |
_aRingoot, Roselyne _eauthor |
| 245 | 0 | 0 | _aAnalyser le discours de presse |
| 260 |
_bArmand Colin,
_c2014. |
||
| 520 | _aCet ouvrage donne les clés nécessaires aux étudiants pour analyser la presse imprimée et la presse numérique, en s’attachant à définir des concepts, des méthodes et des matériaux à mettre en œuvre. Le fil conducteur est celui des identités discursives : identité éditoriale du journal, normes de l’écriture journalistique, genres journalistiques, interdiscours, genre de journalisme, type de récit, discours professionnel. Sa spécificité tient à ce qu’il met en regard les énoncés journalistiques et les scènes discursives qui régissent l’engendrement de l’information. Au fil des cinq chapitres, l’auteur développe, tour à tour, le cadre théorique de l’analyse de discours, la construction de l’information, l’écriture journalistique, le discours des sources et le renouvellement éditorial. | ||
| 856 | 4 | 1 | _uhttps://shs.cairn.info/analyser-le-discours-de-presse--9782200288549?lang=fr&redirect-ssocas=7080 |
| 999 |
_c1566256 _d1566256 |
||